Теория вероятностей, случайные процессы и математическая статистика: учебник

Podrobná bibliografie
Hlavní autor: Розанов Ю. А. Юрий Анатольевич
Jazyk:ruština
Vydáno: Москва, Наука, 1989
Vydání:2-е изд., доп.
Témata:
Médium: MixedMaterials Kniha
KOHA link:https://koha.lib.tpu.ru/cgi-bin/koha/opac-detail.pl?biblionumber=119774

MARC

LEADER 00000nam0a2200000 4500
001 119774
005 20231031124729.0
010 |a 5020139521 
035 |a (RuTPU)RU\TPU\book\129682 
035 |a RU\TPU\book\40846 
090 |a 119774 
100 |a 20070802d1989 k y0rusy50 ca 
101 0 |a rus 
102 |a RU 
105 |a y j 001zy 
200 1 |a Теория вероятностей, случайные процессы и математическая статистика  |e учебник  |f Ю. А. Розанов 
205 |a 2-е изд., доп. 
210 |a Москва  |c Наука  |d 1989 
215 |a 320 с. 
320 |a Предм. указ.: с. 310-312. 
610 1 |a математика 
610 1 |a теория вероятностей 
610 1 |a случайные процессы 
610 1 |a математическая статистика 
610 1 |a стохастические интегралы 
610 1 |a стохастические уравнения 
610 1 |a учебники 
675 |a 519.2(075.8)  |v 3 
700 1 |a Розанов  |b Ю. А.  |g Юрий Анатольевич 
801 1 |a RU  |b 63413507  |c 20020416  |g PSBO 
801 2 |a RU  |b 63413507  |c 20120126  |g PSBO 
942 |c BK